Statistics for 2014 Year in Review

Click here to take the quiz!

General Stats

  • This quiz has been taken 19,244 times
  • The average score is 15 of 21

Answer Stats

Clue Answer % Correct
Host countryRussia
98%
President of that countryVladimir Putin
95%
Outbreak of this disease in West AfricaEbola
92%
Country that hosted the World CupBrazil
91%
Viral campaign to raise money for ALS disease{Ice} {Bucket} Challenge
90%
Country that won itGermany
86%
Islamist group that took over parts of Iraq and Syria{Islamic} State
79%
Winter Olympics host citySochi
78%
"Shake It Off" singer who took her songs off SpotifyTaylor Swift
77%
This country had an independence referendum - but voted noScotland
76%
Barack Obama begins the process of restoring American relations with this countryCuba
71%
Peninsula seized by that countryCrimea
65%
Airline whose plane was shot down by separatists loyal to that countryMalaysia Airlines
63%
Country where Islamic terror group Boko Haram kidnapped schoolgirlsNigeria
62%
Collapsing currency of that countryRuble
60%
This company was banned in many places for not following taxi regulationsUber
58%
Rosetta becomes the first space mission to land on one of theseComet
56%
Movie about teenager cancer patients, based on a John Green bookThe Fault in Our Stars
55%
Umbrella revolution in support of democracy in this Asian cityHong Kong
52%
Protests in this Missouri city after a police shootingFerguson
47%
Movie about people travelling through a wormholeInterstellar
41%

Score Distribution

Percentile by Number Answered

Percent of People with Each Score

Your Score History

You have not taken this quiz